| 000 | 00922nam a22002651u 4500 | ||
|---|---|---|---|
| 001 | 05800 | ||
| 003 | HDC | ||
| 007 | cr bn --- | ||
| 008 | 210121p xx fo d 00 engg | ||
| 040 | _aHDC | ||
| 100 |
_aMariam Abdul Latif _95562 |
||
| 245 | 0 |
_aMalaysian Standards on Halal Logistics - Integrating the Halal Value Chain / _cby Mariam Abdul Latif |
|
| 260 |
_a[No place] : _b[publisher not identified] _c2011 |
||
| 300 |
_a22 pages : _bIllustrations |
||
| 336 |
_atext _2rdacontent |
||
| 337 |
_acomputer _2rdamedia |
||
| 338 |
_aonline resource _2rdacarrier |
||
| 650 |
_aHalal industry _9144 |
||
| 650 |
_aHalal Logistics _9143 |
||
| 650 |
_aHalal Value Chain _96065 |
||
| 856 | _zRequest full-text at [email protected] | ||
| 942 | _2lcc | ||
| 942 | _cSLIDE | ||
| 942 | _kSLID 000609 | ||
| 999 |
_c3124 _d3124 |
||